[Event "Frankfurt Ch B 2017"]
[Site "Ffm-Höchst, BiKuZ"]
[Date "2017.05.02"]
[Round "2.13"]
[White "Häfner, Günther"]
[Black "Barth, Horst"]
[Result "1-0"]
[WhiteElo "940"]
[BlackElo "1292"]
[PlyCount "49"]
[EventDate "2017.??.??"]
[WhiteTeam "FV Berkersheim"]
[BlackTeam "SF Mainz"]

1. e4 e5 2. Nf3 Nc6 3. d4 d6 4. Bc4 Be7 5. Nc3 a6 6. O-O Bg4 7. Be3 exd4 8.
Bxd4 Nxd4 9. Qxd4 Bf6 10. Qe3 Nh6 11. e5 Bg5 12. Nxg5 Bh5 13. exd6+ Kf8 14.
Qe7+ Qxe7 15. dxe7+ Kxe7 16. Rfe1+ Kf8 17. f4 Rd8 18. Rad1 Rxd1 19. Nxd1 f6 20.
Ne6+ Ke7 21. Nxg7+ Kd6 22. Nxh5 Kc5 23. b3 Rd8 24. Nxf6 Rd2 25. Ne4+ 1-0

[Event "Frankfurt Ch B 2017"]
[Site "Ffm-Höchst, BiKuZ"]
[Date "2017.05.02"]
[Round "2.15"]
[White "Mongi, Mario"]
[Black "Ratfai, Miksa"]
[Result "1-0"]
[WhiteElo "1312"]
[BlackElo "1102"]
[PlyCount "69"]
[EventDate "2017.??.??"]
[WhiteTeam "SC Sulzbach"]
[BlackTeam "SC Bad Soden"]

1. d4 d5 2. c4 c6 3. Bf4 Bf5 4. e3 Nf6 5. Nc3 e6 6. Nf3 Bb4 7. Be2 Ne4 8. Rc1
Nd7 9. O-O O-O 10. Nxe4 Bxe4 11. a3 Ba5 12. b4 Bc7 13. Bxc7 Qxc7 14. c5 b6 15.
Nd2 Nf6 16. cxb6 axb6 17. a4 Rfb8 18. Bb5 Qd6 19. Bxc6 Ra7 20. b5 Bd3 21. Re1
Rc8 22. Qb3 Be4 23. Nxe4 Nxe4 24. Bxd5 Rxc1 25. Rxc1 Rc7 26. Rxc7 Qxc7 27. Bc6
Qd6 28. Bxe4 Qc7 29. Qc2 Qd8 30. Qc6 f5 31. Qxe6+ Kh8 32. Qxf5 g6 33. Qe5+ Kg8
34. Qd5+ Qxd5 35. Bxd5+ 1-0

[Event "Frankfurt Ch B 2017"]
[Site "Ffm-Höchst, BiKuZ"]
[Date "2017.05.02"]
[Round "2.16"]
[White "Al-Butmeh, Firas"]
[Black "Fredershausen, Kurt"]
[Result "1-0"]
[WhiteElo "1195"]
[BlackElo "998"]
[PlyCount "119"]
[EventDate "2017.??.??"]
[WhiteTeam "SV Lahn Limburg"]
[BlackTeam "SC Bad Soden"]

1. e4 e5 2. Nf3 Nf6 3. Nxe5 d6 4. Nf3 Nxe4 5. c4 Nf6 6. d4 g6 7. Nc3 Bg7 8. Be2
O-O 9. O-O Re8 10. Be3 Nc6 11. h3 a6 12. Qd2 b6 13. Rfe1 Ne7 14. Rad1 Bb7 15.
Bh6 Nf5 16. Bxg7 Nxg7 17. b4 Nf5 18. d5 Kg7 19. Nd4 Nxd4 20. Qxd4 Re5 21. f4
Re8 22. Bg4 Kh6 23. Rxe8 Nxe8 24. Ne4 f5 25. Ng5 Qf6 26. Qxf6 Nxf6 27. Bf3 Re8
28. Ne6 Rc8 29. Re1 c6 30. g4 fxg4 31. hxg4 g5 32. fxg5+ Kg6 33. gxf6 Kxf6 34.
dxc6 Bxc6 35. Bd5 Bxd5 36. cxd5 Rc4 37. Rf1+ Ke5 38. Rf5+ Ke4 39. Kg2 Rc2+ 40.
Rf2 Rxf2+ 41. Kxf2 Kxd5 42. Nc7+ Ke4 43. Nxa6 Kf4 44. a4 Kxg4 45. a5 bxa5 46.
bxa5 Kf4 47. Nb4 Ke4 48. a6 d5 49. a7 Kd4 50. a8=Q Kc4 51. Nxd5 Kd4 52. Qh8+
Kd3 53. Qxh7+ Kd2 54. Qh3 Kd1 55. Ke3 Kc2 56. Kd4 Kb2 57. Kc4 Kc2 58. Qh2+ Kd1
59. Kd3 Kc1 60. Qc2# 1-0

[Event "Frankfurt Ch B 2017"]
[Site "Ffm-Höchst, BiKuZ"]
[Date "2017.05.02"]
[Round "2.17"]
[White "Landvoigt, Martin"]
[Black "Czinkota, Michael"]
[Result "1-0"]
[WhiteElo "1177"]
[BlackElo "790"]
[PlyCount "97"]
[EventDate "2017.??.??"]
[WhiteTeam "SF Friedberg"]
[BlackTeam "SC Bad Soden"]

1. f4 d5 2. Nf3 Nf6 3. e3 Bf5 4. c4 e6 5. Nc3 Bc5 6. cxd5 exd5 7. d4 Bb4 8. Bd2
Ne4 9. Nxe4 Bxd2+ 10. Nexd2 O-O 11. Be2 Re8 12. Qb3 Nd7 13. O-O b6 14. Rae1 c6
15. Bd3 Be4 16. Qc2 Nf6 17. Ng5 Qd7 18. Ndxe4 dxe4 19. Nxe4 Nxe4 20. Bxe4 c5
21. Bxa8 Rxa8 22. dxc5 Rc8 23. b4 Qd5 24. Rd1 Qe6 25. Qb3 Qf5 26. cxb6 axb6 27.
Rd5 Qe4 28. Rfd1 h6 29. Rd8+ Rxd8 30. Rxd8+ Kh7 31. Rd4 Qc6 32. Qd3+ g6 33. Rc4
Qb5 34. Rd4 Qc6 35. Qc4 Qe8 36. Re4 Qd8 37. Qxf7+ Kh8 38. Re8+ Qxe8 39. Qxe8+
Kh7 40. Qb8 b5 41. Qxb5 g5 42. fxg5 hxg5 43. Qxg5 Kh8 44. b5 Kh7 45. b6 Kh8 46.
b7 Kh7 47. a4 Kh8 48. b8=Q+ Kh7 49. Qbg8# 1-0

[Event "Frankfurt Ch B 2017"]
[Site "Ffm-Höchst, BiKuZ"]
[Date "2017.05.02"]
[Round "2.18"]
[White "Pessotschinski, Lars"]
[Black "Arnold, Aaron"]
[Result "0-1"]
[WhiteElo "849"]
[BlackElo "1163"]
[PlyCount "38"]
[EventDate "2017.??.??"]
[WhiteTeam "TuS Makkabi"]
[BlackTeam "SC Frankfurt-West"]

1. e4 e6 2. d4 d5 3. Nd2 c5 4. Ngf3 Nc6 5. exd5 exd5 6. Nb3 cxd4 7. Nfxd4 Nf6
8. Bb5 Bd7 9. Bg5 h6 10. Nxc6 bxc6 11. Bxf6 Qxf6 12. Bd3 Qxb2 13. Qe2+ Be6 14.
O-O Qf6 15. f4 Be7 16. f5 Bc8 17. Qe3 O-O 18. Nd4 Bc5 19. Rae1 Bxd4 0-1

[Event "Frankfurt Ch B 2017"]
[Site "Ffm-Höchst, BiKuZ"]
[Date "2017.05.02"]
[Round "2.19"]
[White "Hartwig, Horst"]
[Black "Lachmann, Irma"]
[Result "1-0"]
[WhiteElo "1156"]
[BlackElo "739"]
[PlyCount "85"]
[EventDate "2017.??.??"]
[WhiteTeam "vereinslos"]
[BlackTeam "FV Berkersheim"]

1. e4 e5 2. Nf3 d6 3. d4 Nc6 4. h3 Nf6 5. Nc3 b6 6. Bc4 Qe7 7. d5 Na5 8. Bb5+
Bd7 9. Be2 Rc8 10. Bg5 c6 11. O-O h6 12. Bh4 Rg8 13. Bg3 g5 14. Nh2 Bg7 15. Ng4
h5 16. Nxf6+ Bxf6 17. Bxh5 Kd8 18. b4 Nc4 19. Bg4 Bxg4 20. Qxg4 Kc7 21. dxc6
Kxc6 22. b5+ Kc7 23. Nd5+ Kd8 24. Nxe7 Kxe7 25. Qe2 Rc5 26. a4 Kd7 27. Qg4+ Kc7
28. h4 Be7 29. Qh5 Rg7 30. hxg5 Bxg5 31. Bh4 f6 32. Bxg5 fxg5 33. Qh6 Rd7 34.
Qxg5 Na5 35. Rac1 Rc4 36. f4 Rxe4 37. fxe5 dxe5 38. Rfe1 Rxe1+ 39. Rxe1 Nc4 40.
Re4 Rd4 41. Rxd4 exd4 42. Qf4+ Nd6 43. Qxd4 1-0

[Event "Frankfurt Ch B 2017"]
[Site "Ffm-Höchst, BiKuZ"]
[Date "2017.05.02"]
[Round "2.22"]
[White "Burkart, Lloyd Shang"]
[Black "Arnold, Jan"]
[Result "0-1"]
[WhiteElo "774"]
[BlackElo "1114"]
[PlyCount "122"]
[EventDate "2017.??.??"]
[WhiteTeam "TuS Makkabi"]
[BlackTeam "SC Frankfurt-West"]

1. d4 d5 2. Bf4 Bf5 3. e3 e6 4. Nf3 Nf6 5. Bd3 Bxd3 6. Qxd3 Be7 7. O-O c5 8. c3
Nc6 9. Nbd2 Qb6 10. b3 Nh5 11. Bg3 Nxg3 12. hxg3 cxd4 13. cxd4 Nb4 14. Qe2 Rc8
15. Rac1 O-O 16. a3 Nc6 17. b4 a5 18. b5 Na7 19. a4 Rxc1 20. Rxc1 Rc8 21. Qd1
Ba3 22. Rxc8+ Nxc8 23. e4 Ne7 24. Qb3 Bb4 25. exd5 Nxd5 26. Qc2 g6 27. Ne4 f5
28. Neg5 h6 29. Nh3 Qc7 30. Qxc7 Nxc7 31. Nf4 Kf7 32. Kf1 g5 33. Nd3 Bc3 34.
Ke2 Ke7 35. Nfe5 Bxd4 36. Kf3 Nd5 37. Nc4 b6 38. Nde5 g4+ 39. Ke2 Nc3+ 40. Kd3
Bxe5 41. Nxe5 Nxa4 42. Nc4 Nc5+ 43. Kc3 Ne4+ 44. Kd4 Nxf2 45. Nxb6 Ne4 46. Na8
Kd6 47. b6 e5+ 48. Kc4 Nc5 49. Kb5 e4 50. b7 Nxb7 51. Kc4 Kc6 52. Kd4 a4 53.
Kc3 Nc5 54. Kc2 Kb7 55. Kc1 e3 56. Kc2 a3 57. Kc3 e2 58. Kd2 a2 59. Kc2 e1=Q
60. Kb2 a1=Q+ 61. Kc2 Qac3# 0-1

[Event "Frankfurt Ch A 2017"]
[Site "Ffm-Höchst, BiKuZ"]
[Date "2017.05.08"]
[Round "3.1"]
[White "Poetsch, Hagen"]
[Black "Rondonuwu, Grover"]
[Result "1-0"]
[WhiteElo "2474"]
[BlackElo "2036"]
[PlyCount "41"]
[EventDate "2017.??.??"]
[WhiteTeam "SF Schöneck"]
[BlackTeam "Frankfurter TV"]

1. e4 c5 2. Nf3 e6 3. b3 Nc6 4. Bb2 Qc7 5. g3 d6 6. Bg2 Bd7 7. O-O Nf6 8. Re1
e5 9. c3 g6 10. d4 Bg7 11. b4 b6 12. Ba3 Ne7 13. Nbd2 O-O 14. bxc5 bxc5 15.
dxc5 dxc5 16. Nc4 Nh5 17. Qd6 Qxd6 18. Nxd6 Bc6 19. Bxc5 Rfd8 20. Ng5 f6 21.
Ne6 1-0

[Event "Frankfurt Ch A 2017"]
[Site "Ffm-Höchst, BiKuZ"]
[Date "2017.05.08"]
[Round "3.2"]
[White "Medvedovski, Michael"]
[Black "Milov, Leonid"]
[Result "0-1"]
[WhiteElo "2029"]
[BlackElo "2391"]
[PlyCount "88"]
[EventDate "2017.??.??"]
[WhiteTeam "Frankfurter TV"]
[BlackTeam "SC Noris-Tarrasch Nürnberg"]

1. e4 c5 2. Nf3 e6 3. Nc3 Nc6 4. d4 cxd4 5. Nxd4 Qc7 6. Be2 a6 7. Be3 b5 8.
Nxc6 Qxc6 9. O-O Bb7 10. Bf3 Qc7 11. e5 Bxf3 12. Qxf3 Rc8 13. Bf4 Ne7 14. Rfe1
Ng6 15. Rad1 Be7 16. Ne4 O-O 17. c3 b4 18. Re3 Qa5 19. a3 bxa3 20. bxa3 Qxa3
21. h4 Qa4 22. Rd4 Rc4 23. Rxc4 Qxc4 24. h5 Nxf4 25. Qxf4 Kh8 26. Rg3 Qe2 27.
h6 g6 28. Re3 Qd1+ 29. Kh2 Qh5+ 30. Rh3 Qf5 31. Kg3 g5 32. Qxf5 exf5 33. Nd2 f6
34. f4 fxe5 35. fxe5 d6 36. exd6 Bxd6+ 37. Kf2 Rf6 38. Nc4 Bf8 39. Rd3 Rxh6 40.
Rd5 Rc6 41. Ne5 Rxc3 42. Nf7+ Kg7 43. Rd7 Kf6 44. Nd8 Be7 0-1

[Event "Frankfurt Ch A 2017"]
[Site "Ffm-Höchst, BiKuZ"]
[Date "2017.05.08"]
[Round "3.3"]
[White "Minor, Samuel"]
[Black "Bennedik, Martin"]
[Result "1-0"]
[WhiteElo "2186"]
[BlackElo "2003"]
[PlyCount "77"]
[EventDate "2017.??.??"]
[WhiteTeam "Wiesbadener SV"]
[BlackTeam "SV Frankfurt Nord"]

1. e4 e5 2. Nf3 Nc6 3. d4 exd4 4. Nxd4 Nf6 5. Nxc6 bxc6 6. e5 Qe7 7. Qe2 Nd5 8.
c4 Ba6 9. b3 g6 10. Bb2 Bg7 11. g3 O-O 12. Bg2 f6 13. O-O fxe5 14. Qd2 Nb6 15.
Ba3 d6 16. Bxc6 Rad8 17. Nc3 Bc8 18. Bg2 Bg4 19. Qe3 c5 20. h3 Be6 21. Rad1 Kh8
22. Qe2 Qf7 23. Ne4 Nc8 24. Rd3 Bh6 25. Rfd1 Bf5 26. Nxd6 Nxd6 27. Rxd6 Rxd6
28. Rxd6 e4 29. Bxc5 Qc7 30. Bd4+ Kg8 31. Rd5 Re8 32. g4 Bd7 33. Be3 Bc6 34.
Bxh6 Bxd5 35. cxd5 Qe5 36. d6 Qxd6 37. Qc4+ Kh8 38. Qc3+ Kg8 39. Qg7# 1-0

[Event "Frankfurt Ch A 2017"]
[Site "Ffm-Höchst, BiKuZ"]
[Date "2017.05.08"]
[Round "3.4"]
[White "Zweschper, Erich"]
[Black "Hovsepyan, Vardan"]
[Result "0-1"]
[WhiteElo "2016"]
[BlackElo "2149"]
[PlyCount "68"]
[EventDate "2017.??.??"]
[WhiteTeam "SVG Eppstein"]
[BlackTeam "FVS ASP Hoyerswerda"]

1. d4 e6 2. Bf4 c5 3. e3 Qb6 4. Nc3 Nf6 5. Qd2 cxd4 6. exd4 Bb4 7. Bd3 Qxd4 8.
Nf3 Qc5 9. Be3 Qa5 10. O-O Nc6 11. Qe2 Bxc3 12. bxc3 Qxc3 13. Rab1 d5 14. Rb5
O-O 15. Rc5 Qa3 16. Rb5 b6 17. Rb3 Qd6 18. Bc1 Re8 19. Ba3 Qf4 20. Bb5 Bd7 21.
Bxc6 Bxc6 22. Ne5 Bb7 23. Rf3 Ba6 24. Nd3 Qd4 25. Rg3 e5 26. Qe1 Qa4 27. Qc1
Ne4 28. Re3 Rac8 29. Nb4 Bxf1 30. Qxf1 Rc3 31. Qc1 d4 32. Rxe4 Rxa3 33. Nd3
Rxa2 34. Ne1 f5 0-1

[Event "Frankfurt Ch A 2017"]
[Site "Ffm-Höchst, BiKuZ"]
[Date "2017.05.08"]
[Round "3.5"]
[White "Chandler, Patrick"]
[Black "Bischoff, Ulrich"]
[Result "1-0"]
[WhiteElo "2121"]
[BlackElo "1981"]
[PlyCount "109"]
[EventDate "2017.??.??"]
[WhiteTeam "SC Nied"]
[BlackTeam "Sfr. Erbach"]

1. e4 Nf6 2. e5 Nd5 3. Nf3 d6 4. d4 Bg4 5. Be2 g6 6. c3 Bg7 7. Qb3 c6 8. Qxb7
Nb6 9. exd6 Qxd6 10. Nbd2 Bc8 11. Nc4 Qd8 12. Qxa8 Nxa8 13. O-O Nb6 14. Nce5 f6
15. Nd3 Ba6 16. Re1 Bxd3 17. Bxd3 O-O 18. Bc2 e5 19. dxe5 fxe5 20. Ng5 Qf6 21.
Ne4 Qe7 22. Bg5 Qc7 23. Rad1 N8d7 24. Be7 Re8 25. Bd6 Qd8 26. Bb3+ Nd5 27. c4
Nf4 28. g3 Nh3+ 29. Kg2 Ng5 30. c5+ Kh8 31. Bc7 Qxc7 32. Nxg5 h6 33. Ne4 Bf8
34. Bf7 Rb8 35. b3 Kg7 36. Be6 Rd8 37. b4 Nf6 38. Nc3 Rxd1 39. Rxd1 Be7 40. f3
a5 41. a3 axb4 42. axb4 Qb8 43. Rb1 Nd5 44. Nxd5 cxd5 45. c6 d4 46. b5 Bd8 47.
Bc4 Qa8 48. Bd3 Bb6 49. Be4 Qa2+ 50. Kh1 Kf6 51. Rc1 Qb2 52. Rc2 Qxb5 53. Kg2
Bc7 54. h4 g5 55. Kh3 {Rest nicht nachvollziehbar. 1-0 (ca.60)} 1-0

[Event "Frankfurt Ch A 2017"]
[Site "Ffm-Höchst, BiKuZ"]
[Date "2017.05.08"]
[Round "3.6"]
[White "Fucik, Timo"]
[Black "Sarközy, Benjamin"]
[Result "1/2-1/2"]
[WhiteElo "2003"]
[BlackElo "2106"]
[PlyCount "36"]
[EventDate "2017.??.??"]
[WhiteTeam "SK Ettlingen"]
[BlackTeam "SC Somborn"]

1. d4 g6 2. g3 Bg7 3. Bg2 c5 4. c3 Qb6 5. dxc5 Qxc5 6. Be3 Qc7 7. Nf3 Nf6 8.
O-O O-O 9. Na3 d5 10. Bf4 Qb6 11. Qb3 Qxb3 12. axb3 Nc6 13. Rfd1 Bf5 14. Nd4
Nxd4 15. Rxd4 a6 16. Be5 e6 17. h3 g5 18. Rb4 b5 1/2-1/2

[Event "Frankfurt Ch A 2017"]
[Site "Ffm-Höchst, BiKuZ"]
[Date "2017.05.08"]
[Round "3.9"]
[White "Prenzler, Daniel"]
[Black "Kuhn, Gerhard"]
[Result "1-0"]
[WhiteElo "2253"]
[BlackElo "1962"]
[PlyCount "109"]
[EventDate "2017.??.??"]
[WhiteTeam "SC Nied"]
[BlackTeam "SK Marburg"]

1. e4 c6 2. d4 d5 3. Nd2 dxe4 4. Nxe4 Bf5 5. Ng3 Bg6 6. h4 h6 7. Nf3 Nd7 8. h5
Bh7 9. Bd3 Bxd3 10. Qxd3 e6 11. Bd2 Ngf6 12. O-O-O Bd6 13. Ne4 Nxe4 14. Qxe4
Nf6 15. Qe2 Qe7 16. Kb1 O-O-O 17. a3 Rhe8 18. Ne5 Nd7 19. Rh3 Nxe5 20. dxe5 Bc7
21. Rg3 f5 22. exf6 Qxf6 23. Bc3 Rxd1+ 24. Qxd1 Be5 25. Rf3 Qg5 26. Rf7 Rd8 27.
Qe2 Bxc3 28. Qxe6+ Kb8 29. Qb3 Rd1+ 30. Ka2 Qd5 31. bxc3 Qxb3+ 32. cxb3 Rd5 33.
g4 Rg5 34. f3 b5 35. Kb2 a5 36. Kc2 Kc8 37. Kd3 g6 38. hxg6 Rxg6 39. Kd4 Rd6+
40. Kc5 Rd3 41. c4 bxc4 42. bxc4 Rxa3 43. Kxc6 Kd8 44. c5 a4 45. Rf8+ Ke7 46.
Ra8 Rxf3 47. Rxa4 Kd8 48. Ra8+ Ke7 49. Rh8 Rf4 50. Kc7 Rxg4 51. Rxh6 Rg7 52. c6
Ke8+ 53. Kc8 Ke7 54. c7 Rg1 55. Kb7 1-0

[Event "Frankfurt Ch A 2017"]
[Site "Ffm-Höchst, BiKuZ"]
[Date "2017.05.08"]
[Round "3.10"]
[White "Rau, Christian"]
[Black "Uwira, Oliver"]
[Result "0-1"]
[WhiteElo "1878"]
[BlackElo "2230"]
[PlyCount "54"]
[EventDate "2017.??.??"]
[WhiteTeam "SV Rüsselsheim"]
[BlackTeam "SC Nied"]

1. e4 c5 2. Nf3 Nc6 3. Bb5 Nf6 4. Nc3 Qc7 5. O-O Nd4 6. Re1 a6 7. Bf1 Ng4 8. g3
Nxf3+ 9. Qxf3 Ne5 10. Qd1 e6 11. d3 b5 12. f4 Nc6 13. Bg2 Bb7 14. a4 b4 15. Nd5
Qd8 16. f5 Bd6 17. Qg4 Be5 18. Bf4 O-O 19. f6 Bxf6 20. Bc7 Bd4+ 21. Kh1 Qc8 22.
c3 bxc3 23. bxc3 Bxc3 24. Rac1 exd5 25. exd5 Qxc7 26. dxc6 Bxe1 27. cxb7 Rae8
0-1

[Event "Frankfurt Ch A 2017"]
[Site "Ffm-Höchst, BiKuZ"]
[Date "2017.05.08"]
[Round "3.11"]
[White "Nehmert, Ulrich"]
[Black "Grossjohann, Daniel"]
[Result "1-0"]
[WhiteElo "2144"]
[BlackElo "1852"]
[PlyCount "73"]
[EventDate "2017.??.??"]
[WhiteTeam "Wiesbadener SV"]
[BlackTeam "SC Bad Soden"]

1. e4 e5 2. Nf3 Nf6 3. Bc4 Nxe4 4. Qe2 d5 5. Bb5+ c6 6. Bd3 Nc5 7. Qxe5+ Qe7 8.
Qxe7+ Bxe7 9. Be2 O-O 10. d3 Bf6 11. Nbd2 Re8 12. Nb3 Nba6 13. Nxc5 Nxc5 14.
Kd1 Bf5 15. Re1 h6 16. h3 Rad8 17. Bf1 Ne6 18. a4 c5 19. c3 d4 20. c4 a5 21.
Bd2 b6 22. g4 Bh7 23. Kc2 Ng5 24. Ng1 Kf8 25. Bf4 Ne6 26. Bg3 g5 27. Ne2 Bg7
28. Bg2 f5 29. f4 Re7 30. fxg5 Nxg5 31. Nf4 Rde8 32. Bc6 Rc8 33. Bd5 Ne4 34.
Ne6+ Rxe6 35. Bxe6 Re8 36. dxe4 Rxe6 37. exf5 1-0

[Event "Frankfurt Ch A 2017"]
[Site "Ffm-Höchst, BiKuZ"]
[Date "2017.05.08"]
[Round "3.12"]
[White "Göbel, Andreas"]
[Black "Kaliski, Erwin"]
[Result "0-1"]
[WhiteElo "1845"]
[BlackElo "2129"]
[PlyCount "48"]
[EventDate "2017.??.??"]
[WhiteTeam "SC Brett vorm Kopp"]
[BlackTeam "SC Bad Nauheim"]

1. Nf3 d5 2. g3 g6 3. Bg2 Bg7 4. d4 Nf6 5. O-O O-O 6. Nbd2 Bf5 7. c4 c6 8. Qb3
Qc8 9. cxd5 cxd5 10. Ne5 Nc6 11. Ndf3 Be4 12. Bf4 Nh5 13. Rac1 Nxf4 14. gxf4
Qf5 15. e3 Bxe5 16. Nxe5 Bxg2 17. Kxg2 Nxe5 18. fxe5 Qg4+ 19. Kh1 Qf3+ 20. Kg1
f6 21. Qxb7 fxe5 22. dxe5 Rf5 23. Qxe7 Qg4+ 24. Kh1 Rg5 0-1

[Event "Frankfurt Ch A 2017"]
[Site "Ffm-Höchst, BiKuZ"]
[Date "2017.05.08"]
[Round "3.13"]
[White "Neininger, Ralph"]
[Black "Kretner, Georg-Ulrich"]
[Result "1/2-1/2"]
[WhiteElo "2101"]
[BlackElo "1816"]
[PlyCount "171"]
[EventDate "2017.??.??"]
[WhiteTeam "Frankfurter TV"]
[BlackTeam "SC Bad Nauheim"]

1. d4 f5 2. c4 Nf6 3. Nf3 e6 4. g3 d5 5. Bg2 c6 6. O-O Bd6 7. Qc2 O-O 8. Nc3
Qe7 9. Bg5 h6 10. Bf4 Bxf4 11. gxf4 Ne4 12. Ne5 Qe8 13. Nxe4 fxe4 14. e3 Nd7
15. Nxd7 Bxd7 16. f3 exf3 17. Bxf3 Rf6 18. Kh1 Qg6 19. Qe2 Be8 20. Rg1 Qf5 21.
b4 Kh8 22. c5 a6 23. Rg3 Rg6 24. Bg4 Qe4+ 25. Qg2 Qxg2+ 26. Rxg2 Bf7 27. Bh3
Rxg2 28. Kxg2 g6 29. Rb1 Kg7 30. a4 Kf6 31. b5 axb5 32. axb5 Ra3 33. bxc6 bxc6
34. Kf2 Ra2+ 35. Kg3 Ra3 36. Kf2 Ra2+ 37. Kf3 Rxh2 38. Bg2 g5 39. Kg3 Rh4 40.
Rb6 Be8 41. Rb7 Bh5 42. fxg5+ hxg5 43. Rc7 Be8 44. Bf3 Rh8 45. Rc8 e5 46. dxe5+
Kxe5 47. Bh5 Rxh5 48. Rxe8+ Kf5 49. Rf8+ Ke4 50. Re8+ Kd3 51. Re6 Rh4 52. Rxc6
Kxe3 53. Rg6 Rc4 54. Rxg5 Rxc5 55. Re5+ Kd4 56. Rh5 Rc3+ 57. Kf2 Kc4 58. Ke2
Rg3 59. Kd2 d4 60. Rh2 Ra3 61. Rh8 Ra2+ 62. Kc1 Kc3 63. Rc8+ Kd3 64. Rh8 Ra1+
65. Kb2 Re1 66. Rh3+ Re3 67. Rh4 Re4 68. Rh3+ Re3 69. Rh4 Re4 70. Rh3+ Kd2 71.
Rh2+ Re2 72. Rh3 d3 73. Kb3 Re3 74. Rh2+ Kd1 75. Rh1+ Re1 76. Rh3 d2 77. Kb2
Re5 78. Rh2 Rc5 79. Rh1+ Ke2 80. Rh2+ Ke3 81. Rh3+ Ke4 82. Rh4+ Ke5 83. Rh5+
Kd6 84. Rh1 Re5 85. Rd1 Re2 86. Kc2 1/2-1/2

[Event "Frankfurt Ch A 2017"]
[Site "Ffm-Höchst, BiKuZ"]
[Date "2017.05.08"]
[Round "3.14"]
[White "Rolf, Marco"]
[Black "Gutacker, Stephan"]
[Result "1-0"]
[WhiteElo "2038"]
[BlackElo "1825"]
[PlyCount "57"]
[EventDate "2017.??.??"]
[WhiteTeam "SK Bad Homburg"]
[BlackTeam "Sfr. Kelkheim"]

1. d4 Nf6 2. c4 e5 3. dxe5 Ng4 4. e3 Nxe5 5. f4 Nec6 6. Nf3 Be7 7. Nc3 d6 8.
Bd3 Nd7 9. a3 Nc5 10. Bc2 a5 11. Rb1 Bf6 12. O-O Bxc3 13. bxc3 Be6 14. Qe2 Bg4
15. e4 Bxf3 16. Qxf3 Qe7 17. Be3 O-O-O 18. Rb5 f5 19. Bxc5 dxc5 20. e5 Qe6 21.
Rfb1 Rd2 22. Ba4 b6 23. Rxb6 cxb6 24. Rxb6 Kd8 25. Bxc6 Kc7 26. Rb7+ Kc8 27.
Ra7 Rd1+ 28. Qxd1 Qxc6 29. Qd5 1-0

[Event "Frankfurt Ch A 2017"]
[Site "Ffm-Höchst, BiKuZ"]
[Date "2017.05.08"]
[Round "3.15"]
[White "Bittner, Peter"]
[Black "Calvi, Stefan"]
[Result "1/2-1/2"]
[WhiteElo "1792"]
[BlackElo "2016"]
[PlyCount "107"]
[EventDate "2017.??.??"]
[WhiteTeam "SC Nied"]
[BlackTeam "SF Frankfurt"]

1. e4 c5 2. Nf3 Nc6 3. d4 cxd4 4. Nxd4 Nf6 5. Nc3 e5 6. Nxc6 bxc6 7. Bc4 Bb4 8.
Qe2 O-O 9. O-O d5 10. exd5 Bxc3 11. bxc3 cxd5 12. Bb5 Qc7 13. Bb2 Rb8 14. c4 d4
15. Bc1 a6 16. Ba4 Bd7 17. Bb3 e4 18. h3 a5 19. a3 d3 20. Qd1 Be6 21. cxd3 exd3
22. Qxd3 Qe5 23. Ra2 Rfd8 24. Qf3 Qe4 25. Qxe4 Nxe4 26. Rb2 Nc5 27. Bc2 Rbc8
28. Rd1 Rxd1+ 29. Bxd1 Nd3 30. Rb1 Nxc1 31. Rxc1 Rxc4 32. Rxc4 Bxc4 33. f3 Kf8
34. Kf2 Ke7 35. g3 Kd6 36. Ke3 Kc5 37. g4 f6 38. h4 Bd5 39. Be2 Bb3 40. h5 h6
41. Bd3 Bd1 42. Ke4 Kd6 43. Kd4 Bxf3 44. Bf5 Bd1 45. Bc8 Bb3 46. Bb7 Be6 47.
Bf3 f5 48. gxf5 Bxf5 49. Be2 g5 50. hxg6 Bxg6 51. Bf3 h5 52. Ke3 Kc5 53. Bxh5
Bxh5 54. Kd3 1/2-1/2

[Event "Frankfurt Ch A 2017"]
[Site "Ffm-Höchst, BiKuZ"]
[Date "2017.05.08"]
[Round "3.16"]
[White "Nagelsdiek, Ralf"]
[Black "Senatov, Boris"]
[Result "1-0"]
[WhiteElo "2003"]
[BlackElo "1558"]
[PlyCount "99"]
[EventDate "2017.??.??"]
[WhiteTeam "SC Bad Soden"]
[BlackTeam "SC Heusenstamm"]

1. c4 e5 2. d3 Nf6 3. Nf3 Nc6 4. a3 a5 5. g3 d5 6. cxd5 Nxd5 7. Bg2 Be7 8. O-O
O-O 9. Nc3 Nb6 10. Be3 Be6 11. Rc1 Nd5 12. Bd2 Kh8 13. Qc2 Qd7 14. Na4 Bh3 15.
Nc5 Bxc5 16. Qxc5 Bxg2 17. Kxg2 Rfe8 18. Rfd1 Rad8 19. e4 Nf4+ 20. Bxf4 exf4
21. b4 axb4 22. axb4 Rc8 23. b5 Nd8 24. Qh5 Re6 25. Qf5 fxg3 26. Ng5 g6 27. Qh3
h5 28. Nxe6 Nxe6 29. Qxg3 Qxb5 30. d4 Qd7 31. d5 Ng7 32. Rd3 Ne8 33. e5 Rd8 34.
Rcd1 Qf5 35. Rf3 Qe4 36. Qf4 Qxf4 37. Rxf4 Kg7 38. Rb4 b6 39. f4 Kf8 40. Kf3
Ke7 41. Rc4 Rd7 42. Rc6 Kd8 43. Ke4 Ke7 44. f5 gxf5+ 45. Kxf5 Ng7+ 46. Kf4 Ne8
47. Rh6 Ng7 48. Rg1 Ne8 49. Rxh5 f6 50. Rh7+ 1-0

[Event "Frankfurt Ch A 2017"]
[Site "Ffm-Höchst, BiKuZ"]
[Date "2017.05.08"]
[Round "3.17"]
[White "Menning, Uwe"]
[Black "Rutsatz, Mario"]
[Result "0-1"]
[WhiteElo "1795"]
[BlackElo "1943"]
[PlyCount "29"]
[EventDate "2017.??.??"]
[WhiteTeam "FC Bierstadt"]
[BlackTeam "SF Frankfurt"]

1. d4 Nf6 2. Nf3 g6 3. Bg5 Ne4 4. Bh4 Bg7 5. e3 c5 6. c3 d5 7. Nbd2 cxd4 8.
cxd4 Bf5 9. Qb3 Nxd2 10. Nxd2 Nc6 11. Qxb7 Bd7 12. Bg3 e5 13. Bxe5 Bxe5 14.
dxe5 Rb8 15. Qa6 0-1

[Event "Frankfurt Ch A 2017"]
[Site "Ffm-Höchst, BiKuZ"]
[Date "2017.05.08"]
[Round "3.18"]
[White "Hinz, André"]
[Black "Moldenhauer, Jürgen"]
[Result "1/2-1/2"]
[WhiteElo "1729"]
[BlackElo "1939"]
[PlyCount "75"]
[EventDate "2017.??.??"]
[WhiteTeam "SC Brett vorm Kopp"]
[BlackTeam "SK Weinheim"]

1. c4 Nf6 2. g3 d5 3. cxd5 Nxd5 4. Bg2 e6 5. Nc3 c6 6. Nf3 Bd6 7. e4 Nb6 8. d4
O-O 9. h4 N8d7 10. Ng5 e5 11. Be3 exd4 12. Bxd4 Be5 13. f4 Bxd4 14. Qxd4 Nf6
15. O-O-O Bg4 16. Bf3 Qxd4 17. Rxd4 Rad8 18. Rhd1 Rxd4 19. Rxd4 h6 20. Bxg4
Nxg4 21. Nf3 Re8 22. b4 Kf8 23. a4 Ke7 24. Kb2 Rd8 25. Rxd8 Kxd8 26. Kb3 Ne3
27. Ne5 Ke7 28. a5 Nd7 29. Nc4 Nf1 30. g4 b5 31. axb6 axb6 32. e5 Nh2 33. Ne3
Nf3 34. Nf5+ Kf8 35. h5 Nh2 36. Ne3 Nf3 37. Nf5 Nh2 38. Ne3 1/2-1/2

[Event "Frankfurt Ch A 2017"]
[Site "Ffm-Höchst, BiKuZ"]
[Date "2017.05.08"]
[Round "3.20"]
[White "Böhme, Jonas"]
[Black "Kolker, Vladislav"]
[Result "1/2-1/2"]
[WhiteElo "1561"]
[BlackElo "1925"]
[PlyCount "38"]
[EventDate "2017.??.??"]
[WhiteTeam "SK Bad Homburg"]
[BlackTeam "SC Bad Nauheim"]

1. e4 e5 2. Nf3 Nc6 3. Bb5 f5 4. Nc3 fxe4 5. Nxe4 Nf6 6. Qe2 d5 7. Nxf6+ gxf6
8. d4 e4 9. Nh4 Qe7 10. Qh5+ Qf7 11. Qxf7+ Kxf7 12. Bxc6 bxc6 13. Bf4 Bd6 14.
Bxd6 cxd6 15. Kd2 Rg8 16. Rae1 f5 17. g3 f4 18. Ng2 f3 19. Nf4 Ba6 1/2-1/2

[Event "Frankfurt Ch A 2017"]
[Site "Ffm-Höchst, BiKuZ"]
[Date "2017.05.08"]
[Round "3.21"]
[White "Budde, Michael"]
[Black "Panosch, Walter"]
[Result "1-0"]
[WhiteElo "1917"]
[BlackElo "1456"]
[PlyCount "93"]
[EventDate "2017.??.??"]
[WhiteTeam "SC Flörsheim"]
[BlackTeam "SC Matt im Park"]

1. d4 Nf6 2. Bg5 g6 3. Bxf6 exf6 4. e3 Bg7 5. Nd2 d5 6. c4 Be6 7. cxd5 Qxd5 8.
Ngf3 Bh6 9. Bc4 Qa5 10. Qb3 Qb6 11. d5 Qxb3 12. Bxb3 Bd7 13. Ne4 Bg7 14. Rc1
Na6 15. Bc4 b5 16. Bd3 O-O 17. Nc5 Nxc5 18. Rxc5 Rfc8 19. Bxb5 Bf8 20. Bxd7
Bxc5 21. Bxc8 Rxc8 22. Ke2 a5 23. Rc1 Bd6 24. Nd4 Rb8 25. Rc2 f5 26. f4 h5 27.
Kf3 Kg7 28. h3 Kf6 29. a4 Rb7 30. Nb5 g5 31. fxg5+ Kxg5 32. Rc6 Be5 33. b3 h4
34. Ra6 f4 35. e4 f5 36. Rxa5 Rb6 37. Ra8 c6 38. Rg8+ Kf6 39. dxc6 Rxc6 40.
Rf8+ Ke7 41. Rxf5 Bb8 42. Rh5 Rg6 43. e5 Rg3+ 44. Kxf4 Rxg2 45. Rxh4 Rb2 46.
Rh6 Rxb3 47. Rh7+ 1-0